000 00718nam a2200253 a 4500
999 _c6089
_d6089
003 PK-NaQUE
005 20250922153513.0
008 250922b ||||| |||| 00| 0 eng d
020 _a019515598X
020 _a9780195155983
040 _cQUEST
100 1 _aUicker, John Joseph
245 1 0 _aTheory of Machines and Mechanisms
250 _a2nd edition
260 _a[S.l.] :
_bMCGRAW HILL INTERNATIONAL ED,
_c1995.
300 _a1 v. (unpaged)
650 _aMechanical engineering
650 _aMachinery
650 _aMechanical movements
700 _aShigley, Joseph Edward
700 _aPennock, G. R
856 4 0 _uhttp://10.10.170.122:8080/browse/book/1913
_yDownload eBook
942 _cBK
_2ddc